00484nam a2200145Ia 4500008004100000020001500041041000800056082001600064100005600080245010900136250000600245260003900251300001300290650003500303210716s2002 xx 000 0 und d a8178087936 aeng a006.42 RAOK aRao, K R;Bojkovic, Zoran S;Milovanovic, Dragorad A. aMultimedia communication systems: techniques standards and networks.bTechniques standards and networks. a1 aNew DelhibPearson Educationc2002 axxvi,544 aGraphics ProgramMultimedia Sys